Joseph's dream. (Record no. 109873)
[ view plain ]
| 000 -LEADER | |
|---|---|
| fixed length control field | 00311nam a2200121 a 4500 |
| 005 - DATE AND TIME OF LATEST TRANSACTION | |
| control field | 20140414131844.0 |
| 008 - FIXED-LENGTH DATA ELEMENTS--GENERAL INFORMATION | |
| fixed length control field | 100524s19uu xx 00 eng d |
| 050 ## - LIBRARY OF CONGRESS CALL NUMBER | |
| Classification number | M 220.9 |
| Item number | J78 |
| 245 ## - TITLE STATEMENT | |
| Title | Joseph's dream. |
| 440 ## - SERIES STATEMENT/ADDED ENTRY--TITLE | |
| Title | Famous stories from the Bible |
| 650 ## - SUBJECT ADDED ENTRY--TOPICAL TERM | |
| Topical term or geographic name as entry element | Joseph |
| General subdivision | biblical character |
| Withdrawn status | Lost status | Damaged status | Home library | Current library | Shelving location | Date acquired | Source of acquisition | Total Checkouts | Full call number | Barcode | Date last seen | Price effective from | Koha item type |
|---|---|---|---|---|---|---|---|---|---|---|---|---|---|
| Munich Library | Munich Library | Main Section | 05/24/2010 | M 220.9 J78 | M0046 | 04/14/2014 | 04/14/2014 | Books |